000 00830aam a2200313 i 4500
001 768714001
003 CO-MdFUSB
005 20250519172719.0
007 ta
008 250519t1981 -usa|||| |||| 00| 0 eng d
020 _a0-87243-103-
_q7
040 _cCO-MdFUSB
041 0 _aeng
082 0 4 _223
_a248.34
_bM5755w
100 _aMerton, Thomas,
_eautor
245 1 0 _a¿What is contemplation?
_c/ Thomas Merton
250 _aedición revisada
264 1 _bTemplegate Publishers,
_aSpringfield, ILL., USA :
_c[1981]
264 4 _c©1981
300 _a79 páginas
336 _atexto
_btxt
_2rdacontent
337 _2rdamedia
_asin mediación
_bn
338 _2rdacarrier
_avolumen
_bnc
563 _aRústico
653 _aMeditaciones cristianas
942 _cBK
945 _aJTF-925
999 _c35718
_d35718